000 00258nam a2200109Ia 4500
082 _a355.0968 MAR
245 0 _aMarks, Bernard
100 _aOur South Africa army today
_934336
942 _cBK
020 _a"
008 210816s9999 xx 000 0 und d
999 _c124561
_d124560